Vocal anglais V2 - Statistiques

Statistiques générales
  • Ce quiz a été pris 20 fois
  • Le résultat moyen est 12 sur 68
Statistiques - réponses
Français Anglais % Correct
maison house
89%
ville city
83%
salle de bain bathroom
72%
cuisine kitchen
72%
chambre bedroom
67%
balcon balcony
61%
jardin garden
61%
étage floor
56%
traditionel traditional
56%
ascenseur elevator
50%
moderne modern
50%
loyer rent
44%
disponible available
39%
appeler call
39%
urbain urban
39%
appartement flat
33%
spacieux spacious
28%
tout neuf brand new
17%
salle à manger dining room
17%
chauffage heat
17%
localisation location
17%
luxueuse luxurious
17%
voisinage neighbourhood
17%
evier sink
17%
banlieue suburb
17%
logement accommodation
11%
grenier attic
11%
baignoire bathtub
11%
je suis interéssé par I'm interested in
11%
buanderie laundry
11%
Nous devons we must
11%
clim air-conditioning
6%
un bail a lease
6%
sous-sol basement
6%
lumineux bright
6%
taxe fee
6%
meublé furnished
6%
je préférerai I should rather
6%
propriétaire landlord
6%
louer avec lease
6%
locataire tenant
6%
maison de ville townhouse
6%
Pièce non-définiedans laquelle on peut mettre ce que l'on veut all-purpose
0%
passer voir (quelqu'un) call on
0%
co-voiturage carpool
0%
aller-retour commute
0%
un appartement en coopropriété condominium
0%
pratique convenient
0%
cotion deposit
0%
les deux me vont either is fine
0%
assez farily
0%
cheminée fireplace
0%
fournis avec furnished with
0%
en ce qui me concerne I'm most concerned
0%
mètres carrés metres squared
0%
d'époque period
0%
transport en commun public transportation
0%
déménager relocate
0%
rénové remodeled
0%
situé en banlieue suburban
0%
maison de banlieue suburban house
0%
muter transfer
0%
frais supplémentaires tuition fees
0%
versement à l'avance up-front
0%
factures (électricité, gaz, etc.) utility bills
0%
visite viewing
0%
lavabo washbain
0%
plancher wooden flooring
0%
Aucun quiz correspondant
Distribution des résultats
% des personnes avec chaque résultat
Percentile par nombre de réponses
Votre historique - résultats
Vous n’avez pas pris ce quiz